000 00797nam a22002177a 4500
008 150609b xxu||||| |||| 00| 0 eng d
020 _a9789280811209
041 0 _aENG
080 _a628
100 _aLibor Jansky and Juha I. Uitto
245 0 0 _aEnhancing participation and governance in water resources management :
_cedited by Libor Jansky and Juha I. Uitto.
260 _aTokyo ;
_aNew York :
_bUnited Nations University Press,
_cc2005.
300 _axi, 222 p. :
_bme il. ;
_c24 cm.
490 _aWater resources management and policy
650 0 _aSherbimet ujore
_xMenaxhim
650 0 _aZhvillimi i burimeve ujore
650 0 _aTeknologjia informative
700 1 _aJansky, Libor.
700 1 _aUitto, Juha I.
942 _2udc
_cBK
999 _c1022
_d1022